Countries AND Capitals of the World in Alphabetical Order - Statistics

General Stats
  • This quiz has been taken 4,968 times
    2,825 since last reset
  • The average score is 257 of 392
Answer Stats
Countries and Capitals % Correct
Abu Dhabi
92%
Accra
91%
Abuja
90%
Afghanistan
90%
Addis Ababa
88%
Algeria
88%
Albania
85%
Algiers
85%
Amsterdam
85%
Andorra
85%
Australia
84%
Austria
84%
Azerbaijan
84%
Andorra la Vella
83%
Angola
83%
Argentina
83%
Armenia
83%
Amman
82%
Athens
82%
Bahrain
82%
Ankara
81%
Antigua and Barbuda
81%
Bahamas
81%
Apia
80%
Astana
80%
Bangladesh
80%
Antananarivo
79%
Asmara
79%
Belgium
79%
Belize
79%
Benin
79%
Ashgabat
78%
Belarus
78%
Canada
78%
Bamako
77%
Bangui
77%
Banjul
77%
Belmopan
77%
Brasília
77%
Brazil
77%
Djibouti
77%
Baku
76%
Bangkok
76%
Barbados
76%
Berlin
76%
China
76%
Asunción
75%
Baghdad
75%
Beijing
75%
Bhutan
75%
Bolivia
75%
Botswana
75%
Cambodia
75%
Chile
75%
Comoros
75%
Cyprus
75%
Czech Republic
75%
Fiji
75%
Finland
75%
France
75%
Gabon
75%
Bandar Seri Begawan
74%
Basseterre
74%
Belgrade
74%
Bern
74%
Bishkek
74%
Bratislava
74%
Brazzaville
74%
Budapest
74%
Burundi
74%
Cameroon
74%
Denmark
74%
Dominica
74%
Dominican Republic
74%
Ecuador
74%
Eritrea
74%
Estonia
74%
Beirut
73%
Bissau
73%
Bogotá
73%
Bucharest
73%
Caracas
73%
Cuba
73%
Egypt
73%
El Salvador
73%
Eswatini
73%
Ethiopia
73%
Guinea
73%
Guinea-Bissau
73%
Iceland
73%
Bosnia and Herzegovina
72%
Bulgaria
72%
Burkina Faso
72%
Cairo
72%
Cape Verde
72%
Dakar
72%
Dili
72%
Equatorial Guinea
72%
Gambia
72%
Guyana
72%
Hungary
72%
India
72%
Indonesia
72%
Brunei
71%
Brussels
71%
Castries
71%
Central African Republic
71%
Damascus
71%
Dublin
71%
East Timor
71%
Germany
71%
Haiti
71%
Iran
71%
Iraq
71%
Ireland
71%
Italy
71%
Jamaica
71%
Kenya
71%
Buenos Aires
70%
Chad
70%
Colombia
70%
Croatia
70%
Democratic Republic of the Congo
70%
Dhaka
70%
Funafuti
70%
Guatemala
70%
Honduras
70%
Japan
70%
Jordan
70%
Kazakhstan
70%
Latvia
70%
Chișinău
69%
Copenhagen
69%
Costa Rica
69%
Djibouti
69%
Dodoma
69%
Dushanbe
69%
Federated States of Micronesia
69%
Freetown
69%
Georgia
69%
Greece
69%
Helsinki
69%
Kuwait
69%
Kyrgyzstan
69%
Madagascar
69%
Bridgetown
68%
Ghana
68%
Guatemala City
68%
Harare
68%
Islamabad
68%
Israel
68%
Jerusalem
68%
Kosovo
68%
Laos
68%
Liberia
68%
Libya
68%
Lithuania
68%
Luxembourg
68%
Mexico
68%
Canberra
67%
Doha
67%
Gaborone
67%
Grenada
67%
Havana
67%
Ivory Coast
67%
Jakarta
67%
Kingston
67%
Kingstown
67%
Kuwait City
67%
Maldives
67%
Lesotho
66%
London
66%
Malawi
66%
Mali
66%
Maputo
66%
Monaco
66%
Montenegro
66%
Oman
66%
Zambia
66%
Zimbabwe
66%
Georgetown
65%
Gitega
65%
Honiara
65%
Juba
65%
Kathmandu
65%
Kigali
65%
Lebanon
65%
Liechtenstein
65%
Madrid
65%
Malaysia
65%
Malé
65%
Mauritania
65%
Mauritius
65%
Mexico City
65%
New Zealand
65%
Panama
65%
Hanoi
64%
Kampala
64%
Kinshasa
64%
Lima
64%
Lisbon
64%
Lomé
64%
Luanda
64%
Lusaka
64%
Managua
64%
Myanmar
64%
North Korea
64%
Oslo
64%
Qatar
64%
United Kingdom
64%
United States
64%
Conakry
63%
Kiribati
63%
Libreville
63%
Malta
63%
Manama
63%
Marshall Islands
63%
Monaco
63%
Morocco
63%
Nauru
63%
Netherlands
63%
Ottawa
63%
Palau
63%
Saint Kitts and Nevis
63%
South Korea
63%
United Arab Emirates
63%
Washington D.C.
63%
Zagreb
63%
Kabul
62%
Lilongwe
62%
Majuro
62%
Moldova
62%
Mongolia
62%
Montevideo
62%
Namibia
62%
Nicaragua
62%
Niger
62%
Nigeria
62%
Panama City
62%
Port-au-Prince
62%
Russia
62%
Saint Lucia
62%
Saint Vincent and the Grenadines
62%
Sweden
62%
Turkmenistan
62%
Luxembourg
61%
Malabo
61%
North Macedonia
61%
Norway
61%
Paraguay
61%
Philippines
61%
Rome
61%
Rwanda
61%
San Marino
61%
South Sudan
61%
Turkey
61%
Uruguay
61%
Uzbekistan
61%
Wellington
61%
Yemen
61%
Ljubljana
60%
Maseru
60%
Minsk
60%
Muscat
60%
Nepal
60%
Ouagadougou
60%
Papua New Guinea
60%
Paramaribo
60%
Poland
60%
Port-of-Spain
60%
Portugal
60%
Quito
60%
Rabat
60%
San José
60%
San Salvador
60%
São Tomé
60%
Slovakia
60%
Slovenia
60%
South Africa
60%
Switzerland
60%
Syria
60%
Taiwan
60%
Tonga
60%
Uganda
60%
Ulaanbaatar
60%
Vatican City
60%
Warsaw
60%
Yerevan
60%
Khartoum
59%
Manila
59%
Mozambique
59%
Pakistan
59%
Peru
59%
Port Moresby
59%
Port Vila
59%
Romania
59%
Saint George's
59%
Singapore
59%
Sri Lanka
59%
Tajikistan
59%
Togo
59%
Vanuatu
59%
Vatican City
59%
Vietnam
59%
Windhoek
59%
Kiev
58%
Kuala Lumpur
58%
Monrovia
58%
Moscow
58%
Niamey
58%
Port Louis
58%
Roseau
58%
Saint John's
58%
San Marino
58%
Santiago
58%
Santo Domingo
58%
Seychelles
58%
Somalia
58%
Sudan
58%
Suriname
58%
Taipei
58%
Ukraine
58%
Venezuela
58%
Yamoussoukro
58%
Yaoundé
58%
Yaren
58%
Paris
57%
Podgorica
57%
Porto-Novo / Cotonou
57%
Reykjavík
57%
Riyadh
57%
Samoa
57%
São Tomé and Príncipe
57%
Senegal
57%
Serbia
57%
Solomon Islands
57%
Tunis
57%
Tunisia
57%
Vaduz
57%
Vientiane
57%
La Paz / Sucre
56%
Nairobi
56%
Naypyidaw
56%
New Delhi
56%
Nicosia
56%
Palikir
56%
Pristina
56%
Riga
56%
Spain
56%
Stockholm
56%
Tehran
56%
Tuvalu
56%
Vienna
56%
Mbabane
55%
Mogadishu
55%
Ngerulmud
55%
Nukuʻalofa
55%
Phnom Penh
55%
Prague
55%
Pyongyang
55%
Sana'a
55%
Sarajevo
55%
Singapore
55%
Tanzania
55%
Tegucigalpa
55%
Trinidad and Tobago
55%
Valletta
55%
Vilnius
55%
Moroni
54%
Nassau
54%
Nouakchott
54%
Pretoria / Cape Town / Bloemfontein
54%
Victoria
54%
Praia
53%
Seoul
53%
Sierra Leone
53%
Tokyo
53%
Republic of the Congo
52%
Sri Jayawardenepura Kotte
52%
Tallinn
52%
Thimphu
52%
Saudi Arabia
51%
South Tarawa
51%
Tashkent
51%
Tbilisi
51%
Skopje
50%
Thailand
50%
N'Djamena
49%
Suva
49%
Tripoli
49%
Sofia
48%
Tirana
48%
No matching quizzes found
Score Distribution
Percent of People with Each Score
Percentile by Number Answered
Your Score History
You have not taken this quiz since the last reset